[Event "13th Leiden Crown Group 2019"]
[Site "Leiden"]
[Date "2019.07.14"]
[Round "3.7"]
[White "De Jong, Migchiel"]
[Black "Beerdsen, Thomas"]
[Result "1/2-1/2"]
[WhiteElo "2345"]
[BlackElo "2497"]
[Annotator "ChessBase"]
[PlyCount "123"]
[EventDate "2019.07.08"]
[EventType "tourn"]
[EventCountry "NED"]
[SourceTitle "playchess.com"]
[Source "ChessBase"]
[SourceQuality "1"]
[TimeControl "40/5400+30:1800+30"]

1. Nf3 {[%emt 0:00:00]} Nf6 {[%emt 0:01:04]} 2. c4 {[%emt 0:00:20]} b6 {[%emt 0:00:34]} 3. g3 {[%emt 0:00:28]} Bb7 {[%emt 0:00:18]} 4. Bg2 {[%emt 0:00:07]} e6 {[%emt 0:01:26]} 5. d4 {[%emt 0:01:04]} Be7 {[%emt 0:00:12]} 6. O-O {[%emt 0:00:18]} O-O {[%emt 0:00:04]} 7. Nc3 {[%emt 0:03:40]} Ne4 {[%emt 0:00:18]} 8. Qc2 {[%emt 0:00:29]} Nxc3 {[%emt 0:00:56]} 9. Qxc3 {[%emt 0:00:14]} c5 {[%emt 0:02:56]} 10. Rd1 {[%emt 0:02:07]} Bf6 {[%emt 0:07:37]} 11. Qd3 {[%emt 0:01:16]} Nc6 {[%emt 0:08:02]} 12. d5 {[%emt 0:02:45]} Nb4 {[%emt 0:04:31]} 13. Qb1 {[%emt 0:01:42]} exd5 {[%emt 0:00:34]} 14. a3 {[%emt 0:00:13]} Nc6 {[%emt 0:07:18]} 15. cxd5 {[%emt 0:01:19]} Nd4 {[%emt 0:01:34]} 16. Nxd4 {[%emt 0:00:36]} Bxd4 {[%emt 0:03:46]} 17. e3 {[%emt 0:01:04]} Bf6 {[%emt 0:06:08]} 18. Bd2 {[%emt 0:00:53]} d6 {[%emt 0:02:34]} 19. a4 {[%emt 0:09:20]} a6 {[%emt 0:01:30]} 20. Bc3 {[%emt 0:00:34]} b5 {[%emt 0:00:46]} 21. axb5 {[%emt 0:00:43]} axb5 {[%emt 0:00:06]} 22. Rxa8 {[%emt 0:00:14]} Bxa8 {[%emt 0:00:05]} 23. Qf5 {[%emt 0:01:23]} Bxc3 {[%emt 0:03:10]} 24. bxc3 {[%emt 0:00:06]} g6 {[%emt 0:03:36]} 25. Qf4 {[%emt 0:00:38]} Qe7 {[%emt 0:06:43]} 26. Ra1 {[%emt 0:02:44]} Rb8 {[%emt 0:02:50]} 27. Ra6 {[%emt 0:01:42]} b4 {[%emt 0:00:33]} 28. cxb4 {[%emt 0:00:27]} cxb4 {[%emt 0:00:05]} 29. Rxd6 {[%emt 0:00:18]} Qe8 {[%emt 0:08:15]} 30. Rd7 {[%emt 0:03:00]} Rc8 {[%emt 0:01:54]} 31. Rc7 {[%emt 0:05:07]} b3 {[%emt 0:00:59]} 32. d6 {[%emt 0:01:00]} Rxc7 {[%emt 0:11:41]} 33. dxc7 {[%emt 0:00:24]} Bxg2 {[%emt 0:00:19]} 34. Kxg2 {[%emt 0:03:30]} Qc6+ {[%emt 0:00:18]} 35. Kh3 {[%emt 0:03:17]} Qd7+ {[%emt 0:00:30]} 36. g4 {[%emt 0:01:00]} h5 {[%emt 0:03:07]} 37. f3 {[%emt 0:12:58]} hxg4+ {[%emt 0:00:18]} 38. fxg4 {[%emt 0:00:09]} b2 {[%emt 0:03:10]} 39. Qb4 {[%emt 0:03:20]} Qxc7 {[%emt 0:00:08]} 40. Qxb2 {[%emt 0:00:03]} Qc4 {[%emt 0:01:15]} 41. Qb8+ {[%emt 0:30:26]} Kg7 {[%emt 0:30:16]} 42. Qe5+ {[%emt 0:00:34]} Kg8 {[%emt 0:02:38]} 43. Qf4 {[%emt 0:00:20]} Qe6 {[%emt 0:01:20]} 44. Kg3 {[%emt 0:03:36]} Qb6 {[%emt 0:02:57]} 45. h4 {[%emt 0:01:23]} Qa5 {[%emt 0:02:19]} 46. Kh3 {[%emt 0:02:43]} Qd5 {[%emt 0:01:40]} 47. Qf2 {[%emt 0:01:44]} Qe4 {[%emt 0:00:00]} 48. Kg3 {[%emt 0:00:00]} Qe5+ {[%emt 0:00:00]} 49. Qf4 {[%emt 0:00:00]} Qa5 {[%emt 0:00:00]} 50. Qf3 {[%emt 0:00:00]} Qe5+ {[%emt 0:00:00]} 51. Kh3 {[%emt 0:00:00]} Qe6 {[%emt 0:00:00]} 52. Kg3 {[%emt 0:00:00]} Qe5+ {[%emt 0:00:00]} 53. Kg2 {[%emt 0:00:00]} Kg7 {[%emt 0:00:00]} 54. h5 {[%emt 0:00:00]} gxh5 {[%emt 0:00:00]} 55. gxh5 {[%emt 0:00:00]} Qg5+ {[%emt 0:00:00]} 56. Kf2 {[%emt 0:00:00]} f5 {[%emt 0:00:00]} 57. Qg3 {[%emt 0:00:00]} Kh6 {[%emt 0:00:00]} 58. Qxg5+ {[%emt 0:00:00]} Kxg5 {[%emt 0:00:00]} 59. Kf3 {[%emt 0:00:00]} Kxh5 {[%emt 0:00:00]} 60. Kf4 {[%emt 0:00:00]} Kg6 {[%emt 0:00:00]} 61. e4 {[%emt 0:00:00]} fxe4 {[%emt 0:00:00]} 62. Kxe4 {[%emt 0:00:00]} 1/2-1/2

[Event "13th Leiden Crown Group 2019"]
[Site "Leiden"]
[Date "2019.07.14"]
[Round "3.8"]
[White "Ivanov, Sergey"]
[Black "Kollen, Zyon"]
[Result "1-0"]
[WhiteElo "2496"]
[BlackElo "2362"]
[Annotator "ChessBase"]
[PlyCount "57"]
[EventDate "2019.07.08"]
[EventType "tourn"]
[EventCountry "NED"]
[SourceTitle "playchess.com"]
[Source "ChessBase"]
[SourceQuality "1"]
[TimeControl "40/5400+30:1800+30"]

1. d4 {[%emt 0:00:00]} e6 {[%emt 0:00:00]} 2. c4 {[%emt 0:00:00]} d5 {[%emt 0:00:00]} 3. Nc3 {[%emt 0:00:16]} c6 {[%emt 0:00:00]} 4. e3 {[%emt 0:00:44]} Nf6 {[%emt 0:00:00]} 5. Nf3 {[%emt 0:00:07]} Nbd7 {[%emt 0:00:05]} 6. Qc2 {[%emt 0:00:22]} Bd6 {[%emt 0:01:37]} 7. b3 {[%emt 0:01:01]} b6 {[%emt 0:01:55]} 8. Be2 {[%emt 0:02:37]} Bb7 {[%emt 0:03:59]} 9. O-O {[%emt 0:00:37]} O-O {[%emt 0:02:31]} 10. Bb2 {[%emt 0:00:23]} Re8 {[%emt 0:13:39]} 11. Rad1 {[%emt 0:03:03]} Qc7 {[%emt 0:03:52]} 12. h3 {[%emt 0:07:56]} a6 {[%emt 0:01:41]} 13. e4 {[%emt 0:08:27]} e5 {[%emt 0:08:30]} 14. dxe5 {[%emt 0:06:06]} Nxe5 {[%emt 0:01:14]} 15. Nd4 {[%emt 0:10:30]} dxe4 {[%emt 0:16:04]} 16. Nf5 {[%emt 0:00:58]} Bf8 {[%emt 0:01:00]} 17. Nxe4 {[%emt 0:00:24]} Nxe4 {[%emt 0:00:20]} 18. Qxe4 {[%emt 0:00:09]} Ng6 {[%emt 0:09:40]} 19. Qc2 {[%emt 0:05:28]} c5 {[%emt 0:03:48]} 20. Ne3 {[%emt 0:09:45]} Nf4 {[%emt 0:04:04]} 21. Bg4 {[%emt 0:00:54]} h5 {[%emt 0:02:13]} 22. Rd7 {[%emt 0:05:47]} Qc6 {[%emt 0:00:36]} 23. Qf5 {[%emt 0:00:51]} Rxe3 {[%emt 0:14:56]} 24. Qxf7+ {[%emt 0:01:33]} Kh7 {[%emt 0:00:06]} 25. Bf5+ {[%emt 0:01:13]} Kh6 {[%emt 0:00:14]} 26. Bxg7+ {[%emt 0:01:14]} Kg5 {[%emt 0:00:07]} 27. h4+ {[%emt 0:00:43]} Kxh4 {[%emt 0:00:13]} 28. Qf6+ {[%emt 0:00:33]} Qxf6 {[%emt 0:00:05]} 29. Bxf6# {[%emt 0:00:06]} 1-0

[Event "13th Leiden Crown Group 2019"]
[Site "Leiden"]
[Date "2019.07.14"]
[Round "3.9"]
[White "De Niet, Gert-Michiel"]
[Black "Lai, Hing Ting"]
[Result "0-1"]
[WhiteElo "2208"]
[BlackElo "2460"]
[Annotator "ChessBase"]
[PlyCount "76"]
[EventDate "2019.07.08"]
[EventType "tourn"]
[EventCountry "NED"]
[SourceTitle "playchess.com"]
[Source "ChessBase"]
[SourceQuality "1"]
[TimeControl "40/5400+30:1800+30"]

1. d4 {[%emt 0:00:00]} Nf6 {[%emt 0:00:00]} 2. c4 {[%emt 0:00:00]} e6 {[%emt 0:00:00]} 3. Nf3 {[%emt 0:00:00]} d5 {[%emt 0:00:31]} 4. Nc3 {[%emt 0:00:00]} Bb4 {[%emt 0:00:12]} 5. Bg5 {[%emt 0:01:04]} h6 {[%emt 0:00:39]} 6. Bxf6 {[%emt 0:00:47]} Qxf6 {[%emt 0:00:07]} 7. e3 {[%emt 0:02:50]} c5 {[%emt 0:01:19]} 8. Rc1 {[%emt 0:04:26]} dxc4 {[%emt 0:04:04]} 9. Bxc4 {[%emt 0:00:54]} O-O {[%emt 0:09:24]} 10. O-O {[%emt 0:29:17]} cxd4 {[%emt 0:03:19]} 11. Nxd4 {[%emt 0:03:04]} Qe7 {[%emt 0:02:15]} 12. Qb3 {[%emt 0:09:07]} Bd6 {[%emt 0:10:38]} 13. Rfd1 {[%emt 0:07:27]} a6 {[%emt 0:01:53]} 14. a4 {[%emt 0:08:37]} Nd7 {[%emt 0:04:39]} 15. Qc2 {[%emt 0:01:12]} Nf6 {[%emt 0:01:51]} 16. Ne4 {[%emt 0:04:52]} Be5 {[%emt 0:02:47]} 17. b3 {[%emt 0:06:34]} Nxe4 {[%emt 0:03:54]} 18. Qxe4 {[%emt 0:00:02]} Bf6 {[%emt 0:00:18]} 19. Nf3 {[%emt 0:03:02]} e5 {[%emt 0:05:46]} 20. Nd2 {[%emt 0:03:03]} Rb8 {[%emt 0:03:55]} 21. Qb1 {[%emt 0:03:42]} Rd8 {[%emt 0:07:23]} 22. Ne4 {[%emt 0:02:26]} Bg4 {[%emt 0:00:09]} 23. f3 {[%emt 0:01:15]} Bf5 {[%emt 0:00:40]} 24. Nxf6+ {[%emt 0:00:21]} Qxf6 {[%emt 0:00:06]} 25. e4 {[%emt 0:00:07]} Be6 {[%emt 0:00:33]} 26. Bxe6 {[%emt 0:03:27]} Qxe6 {[%emt 0:00:06]} 27. Rxd8+ {[%emt 0:00:18]} Rxd8 {[%emt 0:00:07]} 28. Rd1 {[%emt 0:00:06]} Qb6+ {[%emt 0:00:33]} 29. Kf1 {[%emt 0:01:53]} Rc8 {[%emt 0:00:13]} 30. Rc1 {[%emt 0:00:31]} Rxc1+ {[%emt 0:00:17]} 31. Qxc1 {[%emt 0:00:01]} Qxb3 {[%emt 0:00:18]} 32. Qc8+ {[%emt 0:01:28]} Kh7 {[%emt 0:00:02]} 33. a5 {[%emt 0:00:50]} b6 {[%emt 0:04:40]} 34. axb6 {[%emt 0:01:02]} Qb1+ {[%emt 0:00:55]} 35. Ke2 {[%emt 0:00:16]} Qxb6 {[%emt 0:00:01]} 36. Qf5+ {[%emt 0:00:18]} Qg6 {[%emt 0:00:02]} 37. Qxe5 {[%emt 0:01:22]} Qxg2+ {[%emt 0:00:07]} 38. Ke3 {[%emt 0:01:27]} Qg5+ {[%emt 0:00:38]} 0-1

[Event "13th Leiden Crown Group 2019"]
[Site "Leiden"]
[Date "2019.07.14"]
[Round "3.10"]
[White "Both, Gert"]
[Black "Bueno, Mark"]
[Result "1/2-1/2"]
[WhiteElo "1859"]
[BlackElo "1976"]
[Annotator "NA"]
[PlyCount "66"]
[EventDate "2019.07.08"]
[EventType "tourn"]
[EventCountry "NED"]
[SourceTitle "playchess.com"]
[Source "ChessBase"]
[SourceQuality "1"]
[TimeControl "40/5400+30:1800+30"]

1. d4 {[%emt 0:00:00]} Nf6 {[%emt 0:00:00]} 2. c4 {[%emt 0:00:00]} e6 {[%emt 0:00:00]} 3. Nc3 {[%emt 0:00:00]} Bb4 {[%emt 0:00:00]} 4. Qc2 {[%emt 0:00:11]} d5 {[%emt 0:00:00]} 5. e3 {[%emt 0:00:31]} O-O {[%emt 0:00:11]} 6. Bd3 {[%emt 0:01:16]} b6 {[%emt 0:00:56]} 7. Nge2 {[%emt 0:00:54]} Bb7 {[%emt 0:01:37]} 8. O-O {[%emt 0:00:24]} Nbd7 {[%emt 0:00:23]} 9. cxd5 {[%emt 0:00:57]} exd5 {[%emt 0:00:20]} 10. a3 {[%emt 0:02:34]} Bxc3 {[%emt 0:00:32]} 11. Nxc3 {[%emt 0:00:20]} c5 {[%emt 0:00:38]} 12. b3 {[%emt 0:04:06]} Qe7 {[%emt 0:00:46]} 13. a4 {[%emt 0:02:27]} Rac8 {[%emt 0:00:49]} 14. Ba3 {[%emt 0:01:46]} Rfe8 {[%emt 0:00:11]} 15. Qd2 {[%emt 0:09:09]} Qe6 {[%emt 0:05:43]} 16. Rac1 {[%emt 0:10:45]} cxd4 {[%emt 0:06:06]} 17. exd4 {[%emt 0:00:26]} Ne4 {[%emt 0:00:35]} 18. Nxe4 {[%emt 0:03:01]} dxe4 {[%emt 0:00:08]} 19. Bc4 {[%emt 0:07:03]} Bd5 {[%emt 0:04:59]} 20. Rfe1 {[%emt 0:06:15]} Nf6 {[%emt 0:00:57]} 21. Rc3 {[%emt 0:04:54]} Bxc4 {[%emt 0:05:15]} 22. bxc4 {[%emt 0:00:10]} Rxc4 {[%emt 0:00:41]} 23. d5 {[%emt 0:00:25]} Qc8 {[%emt 0:00:25]} 24. Rxc4 {[%emt 0:01:48]} Qxc4 {[%emt 0:00:04]} 25. d6 {[%emt 0:00:34]} Qxa4 {[%emt 0:01:17]} 26. Bb2 {[%emt 0:01:27]} Qd7 {[%emt 0:16:18]} 27. Rc1 {[%emt 0:11:48]} Rd8 {[%emt 0:17:17]} 28. Rc7 {[%emt 0:02:13]} Qe6 {[%emt 0:06:00]} 29. Rxa7 {[%emt 0:02:06]} h6 {[%emt 0:03:41]} 30. Bxf6 {[%emt 0:02:33]} Qxf6 {[%emt 0:00:06]} 31. d7 {[%emt 0:00:20]} Qc6 {[%emt 0:00:42]} 32. h3 {[%emt 0:01:16]} b5 {[%emt 0:00:31]} 33. Qd4 {[%emt 0:05:54]} b4 {[%emt 0:19:18]} 1/2-1/2

[Event "13th Leiden Crown Group 2019"]
[Site "Leiden"]
[Date "2019.07.15"]
[Round "4.1"]
[White "Kuipers, Stefan"]
[Black "Das, Arghyadip"]
[Result "1/2-1/2"]
[WhiteElo "2435"]
[BlackElo "2439"]
[Annotator "ChessBase"]
[PlyCount "29"]
[EventDate "2019.07.08"]
[EventType "tourn"]
[EventCountry "NED"]
[SourceTitle "playchess.com"]
[Source "ChessBase"]
[SourceQuality "1"]
[TimeControl "40/5400+30:1800+30"]

1. e4 {[%emt 0:00:00]} e6 {[%emt 0:00:00]} 2. d4 {[%emt 0:00:00]} d5 {[%emt 0:00:00]} 3. Nc3 {[%emt 0:00:00]} Nf6 {[%emt 0:00:00]} 4. Bg5 {[%emt 0:00:05]} dxe4 {[%emt 0:00:11]} 5. Nxe4 {[%emt 0:00:09]} Be7 {[%emt 0:00:04]} 6. Nxf6+ {[%emt 0:03:56]} Bxf6 {[%emt 0:00:29]} 7. Bxf6 {[%emt 0:00:37]} Qxf6 {[%emt 0:00:06]} 8. Nf3 {[%emt 0:00:15]} c5 {[%emt 0:02:20]} 9. Qd3 {[%emt 0:09:10]} Nc6 {[%emt 0:31:29]} 10. O-O-O {[%emt 0:06:45]} cxd4 {[%emt 0:03:20]} 11. Qe4 {[%emt 0:04:52]} Bd7 {[%emt 0:02:55]} 12. Nxd4 {[%emt 0:04:23]} Nxd4 {[%emt 0:03:44]} 13. Rxd4 {[%emt 0:00:19]} Bc6 {[%emt 0:00:28]} 14. Qe3 {[%emt 0:01:14]} O-O {[%emt 0:01:05]} 15. f3 {[%emt 0:05:05]} 1/2-1/2

[Event "13th Leiden Crown Group 2019"]
[Site "Leiden"]
[Date "2019.07.15"]
[Round "4.2"]
[White "Van der Wiel, John T.H."]
[Black "Stefansson, Hannes"]
[Result "1/2-1/2"]
[WhiteElo "2380"]
[BlackElo "2562"]
[Annotator "ChessBase"]
[PlyCount "33"]
[EventDate "2019.07.08"]
[EventType "tourn"]
[EventCountry "NED"]
[SourceTitle "playchess.com"]
[Source "ChessBase"]
[SourceQuality "1"]
[TimeControl "40/5400+30:1800+30"]

1. e4 {[%emt 0:00:00]} e5 {[%emt 0:00:00]} 2. Nf3 {[%emt 0:00:00]} Nc6 {[%emt 0:00:02]} 3. Bb5 {[%emt 0:00:00]} a6 {[%emt 0:00:13]} 4. Bxc6 {[%emt 0:00:25]} dxc6 {[%emt 0:00:21]} 5. O-O {[%emt 0:00:12]} Qd6 {[%emt 0:01:00]} 6. d3 {[%emt 0:01:45]} Ne7 {[%emt 0:02:23]} 7. Nbd2 {[%emt 0:01:20]} Ng6 {[%emt 0:02:34]} 8. Nc4 {[%emt 0:07:03]} Qe6 {[%emt 0:01:01]} 9. b3 {[%emt 0:05:55]} c5 {[%emt 0:06:42]} 10. Ne3 {[%emt 0:22:29]} f6 {[%emt 0:05:42]} 11. a3 {[%emt 0:08:17]} Qf7 {[%emt 0:04:41]} 12. Bd2 {[%emt 0:14:01]} Be6 {[%emt 0:05:54]} 13. b4 {[%emt 0:00:33]} b6 {[%emt 0:12:02]} 14. Kh1 {[%emt 0:05:06]} Bd6 {[%emt 0:01:51]} 15. bxc5 {[%emt 0:02:29]} bxc5 {[%emt 0:00:17]} 16. Bc3 {[%emt 0:04:39]} O-O {[%emt 0:13:08]} 17. Nd2 {[%emt 0:00:24]} 1/2-1/2

[Event "13th Leiden Crown Group 2019"]
[Site "Leiden"]
[Date "2019.07.15"]
[Round "4.3"]
[White "Lalith Babu M R"]
[Black "Sengupta, Deep"]
[Result "1/2-1/2"]
[WhiteElo "2580"]
[BlackElo "2558"]
[Annotator "TA"]
[PlyCount "43"]
[EventDate "2019.07.08"]
[EventType "tourn"]
[EventCountry "NED"]
[SourceTitle "playchess.com"]
[Source "ChessBase"]
[SourceQuality "1"]

{[%evp 9,43,-13,56,60,53,0,0,0,0,3,11,8,14,0,0,0,0,0,0,0,0,0,12,0,0,0,0,0,0,-9,-3,-13,-20,-38,-39,-37]} 1. c4 e6 2. Nf3 d5 3. g3 dxc4 4. Bg2 a6 5. Qc2 (5. O-O Nc6 6. Na3 Bxa3 7. bxa3 e5 8. Rb1 Nge7 9. Qc2 Bf5 10. e4 Bg4 11. Rxb7 Bxf3 12. Bxf3 {0-1 (41) Aronian,L (2785)-Grandelius,N (2643) Doha 2016}) 5... Nc6 (5... c5 $11) 6. Qxc4 $14 {A13: English Opening: 1...e6} e5 {[#]} 7. d3 $146 (7. Ng5 $1 $14 {[%mdl 512]} Nh6 (7... Qxg5 8. Bxc6+) 8. Bxc6+ bxc6 9. Qxc6+ Bd7 10. Qd5) ({Predecessor:} 7. O-O Be6 8. Qa4 f6 9. Nc3 Nge7 10. d4 b5 11. Qc2 exd4 12. Ne4 {1-0 (23) Chatalbashev,B (2546)-Englert,F (2375) Ballerup 2017}) 7... Be6 $11 8. Qa4 {Threatening Nxe5.The position is equal.} f6 9. Nc3 Qd7 10. O-O Nge7 11. Rd1 Nf5 12. e3 Rd8 13. d4 exd4 14. e4 Nd6 15. Nxd4 Nxd4 16. Qxd4 Nb5 17. Qxd7+ Rxd7 18. Nd5 c6 19. a4 Nc7 {[%mdl 64] [#] Pin} 20. Re1 Kf7 21. Nb6 Rd8 22. Bf4 {Accuracy: White = 70%, Black = 66%.} 1/2-1/2

[Event "13th Leiden Crown Group 2019"]
[Site "Leiden"]
[Date "2019.07.15"]
[Round "4.4"]
[White "Pijpers, Arthur"]
[Black "Schekachikhin, Maksim"]
[Result "1-0"]
[WhiteElo "2474"]
[BlackElo "2415"]
[Annotator "TA"]
[PlyCount "93"]
[EventDate "2019.07.08"]
[EventType "tourn"]
[EventCountry "NED"]
[SourceTitle "playchess.com"]
[Source "ChessBase"]
[SourceQuality "1"]

{[%evp 15,93,73,84,93,93,90,91,91,100,92,93,93,103,105,97,106,94,110,102,77,136,141,128,122,134,134,123,127,131,131,122,128,122,120,143,148,171,176,164,150,200,204,386,392,359,333,335,323,270,323,682,307,254,277,532,480,470,462,428,405,790,770,786,755,721,706,29964,29966,29952,29953,29983,29984,29983,29984,29985,29986,29986,29987,29989,29989]} 1. e4 e6 2. d4 d5 3. Nc3 Bb4 4. e5 c5 5. a3 Bxc3+ 6. bxc3 Qc7 7. Qg4 f5 8. Qg3 Nc6 9. Nf3 {C18: French: 3 Nc3 Bb4: Main line: 7 h4 and 7 Qg4} cxd4 10. cxd4 Nge7 11. Be2 {White is better.} ({Much weaker is} 11. Qxg7 $6 Rg8 $11) (11. Rb1 O-O 12. Bh6 Qa5+ 13. Bd2 Qa4 14. c3 Qc2 15. Rc1 Qe4+ 16. Be2 f4 {½-½ (117) Karjakin,S (2776)-Ivanchuk,V (2779) Monte Carlo 2011}) 11... O-O 12. O-O Bd7 13. a4 Be8 14. c3 Qd7 15. Nd2 Na5 $146 ({Predecessor:} 15... f4 16. Qg4 Bg6 {1-0 (34) Holroyd,K (2529)-Kuiper,J (2493) ICCF email 2015}) 16. Ba3 Rc8 17. Bb4 Nc4 (17... Nac6 $142) 18. Nxc4 $16 dxc4 19. a5 f4 20. Qh3 Bg6 21. Bc5 Bd3 22. Bxd3 cxd3 23. Bxe7 Qxe7 24. Qxd3 f3 25. g3 ({Don't play} 25. gxf3 $6 Qg5+ 26. Kh1 Qh5 $14) 25... Qg5 26. Rfe1 Qg4 27. Re3 Rf5 28. Rb1 Rcf8 $2 (28... Rf7 29. h3 Qg6 30. Qxg6 hxg6) 29. Rxb7 $18 Rh5 30. Qe4 ({Worse is} 30. Rxa7 Qh3 $11) 30... Qh3 {[%csl Gf3][%cal Rh3g2] [#]} 31. Rxf3 Qxh2+ 32. Kf1 {aiming for Rxg7+!} Qh1+ 33. Ke2 Rhf5 {[%cal Rf5f3]} 34. Rf4 Qa1 $2 (34... Qxe4+ 35. Rxe4 Rxf2+ 36. Kd3 R8f7) 35. Rxa7 {Qb7! is the strong threat.} Rxf4 36. gxf4 Qxc3 {[%mdl 4096] Endgame KQR-KQR} 37. Ra8 Qc4+ (37... Rxa8 $142 38. Qxa8+ Kf7 39. Qa7+ Kg6) 38. Kf3 Rxa8 39. Qxa8+ {KQ-KQ} Kf7 40. Qb7+ Kg6 41. a6 {[%cal Ba5a6,Ba6a7][%mdl 32] White mates.} Qd3+ 42. Kg2 Qe2 43. a7 Qg4+ 44. Kh1 Qh5+ {[#]} 45. Kg1 $1 Qd1+ 46. Kh2 Qh5+ 47. Kg3 {Accuracy: White = 99%, Black = 48%.} 1-0

[Event "13th Leiden Crown Group 2019"]
[Site "Leiden"]
[Date "2019.07.15"]
[Round "4.5"]
[White "Nikolic, Predrag"]
[Black "Pruijssers, Roeland"]
[Result "0-1"]
[WhiteElo "2574"]
[BlackElo "2534"]
[Annotator "TA"]
[PlyCount "118"]
[EventDate "2019.07.08"]
[EventType "tourn"]
[EventCountry "NED"]
[SourceTitle "playchess.com"]
[Source "ChessBase"]
[SourceQuality "1"]

{[%evp 13,128,2,12,-3,0,6,16,11,13,0,7,10,19,20,18,16,21,6,10,-6,-8,-14,0,0,0,0,38,33,97,97,112,112,141,140,213,187,162,173,177,172,172,161,157,162,316,284,324,327,324,324,298,189,189,189,156,-131,-133,-133,0,0,0,0,0,0,0,0,0,0,0,0,0,0,0,0,0,0,0,0,0,0,0,0,0,0,0,-681,-640,-661,-654,-377,-7,-8,-8,-8,0,-12687,-12710,-7022,-7029,-29948,-29954,-5135,-12632,-5135,-5124,-29967,-29968,-29967,-29969,-29963,-29965,-12653,-5110,-5102,-5102,-5102,-5065]} 1. d4 Nf6 2. Nf3 g6 3. g3 Bg7 4. Bg2 O-O 5. O-O d5 6. c3 c6 7. Bf4 Bf5 8. Qc1 {D02: 1 d4 d5 2 Nf3 sidelines, including 2...Nf6 3 g3 and 2...Nf6 3 Bf4} (8. Nbd2 Nbd7 9. Qb3 Qb6 10. Rfe1 Rfe8 11. Rac1 Ne4 12. Nxe4 dxe4 13. Nd2 e5 14. dxe5 Bxe5 15. Bxe5 Rxe5 {1-0 (44) Tomashevsky,E (2705)-Nielsen,P (2635) Germany 2019}) 8... Qc8 9. Bh6 Bh3 10. Bxg7 {The position is equal.} Kxg7 11. Qf4 $146 ({Predecessor:} 11. Ne5 Bxg2 12. Kxg2 {½-½ (12) Kurajica,B (2505)-Barlov,D (2433) Las Palmas 2014}) 11... Bxg2 12. Kxg2 Qf5 (12... Nbd7 {is more complex.} 13. Nbd2 Qb8 14. Qe3 e6 15. c4 Qc7) 13. Qxf5 gxf5 14. Nbd2 {[%cal Bb1d2,Bd2b3,Bb3a1,Ba1c2,Bc2b4][%mdl 32]} Ne4 15. Nb3 a5 16. Rac1 a4 17. Na1 b5 18. Ne5 Rc8 19. Nc2 $36 {[%mdl 2048] White is pushing.} Na6 20. Nb4 e6 ({Black should play} 20... Nb8 $14) 21. Nexc6 $16 a3 22. b3 $1 ({But not} 22. bxa3 $6 Nxb4 23. cxb4 Rxa3 $11) 22... Nxc3 23. Rc2 $1 f6 (23... Nxb4 $16 24. Nxb4 Ne4) 24. Nxa6 Rxa6 25. Nb4 $1 {[%cal Rb4a6]} Ra7 26. Rfc1 Rac7 27. Kf1 e5 28. e3 exd4 $2 (28... Kf7 {might work better.} 29. Ke1 h5) 29. exd4 $18 f4 30. gxf4 Kg6 31. f3 Kf5 32. Ke1 Nxa2 33. Rxc7 Re8+ 34. Kf2 $2 (34. Kd2 $16 {is necessary to keep the advantage.} Nxb4 35. Ra1 (35. Rxh7 Rg8 $14)) 34... Nxb4 $17 {[%mdl 4096] Endgame KRR-KRN} 35. Ra1 {[#]} h5 (35... Nd3+ $1 $17 36. Kf1 b4) 36. Rxa3 $11 {Rc3 is the strong threat.} Nd3+ 37. Kf1 Re1+ 38. Kg2 Nxf4+ 39. Kf2 Nd3+ 40. Kg2 Nf4+ 41. Kf2 Re2+ 42. Kg1 Rg2+ 43. Kf1 Rxh2 44. Ra6 Rh1+ 45. Kf2 Rh2+ 46. Kf1 h4 47. Rf7 Nh5 48. Rh7 Kg6 49. Rxh5 $2 {[%mdl 8192]} (49. Rh8 $11) 49... Kxh5 $19 50. Rxf6 $11 {[#] KR-KR} h3 $1 51. Kg1 Rb2 $2 (51... Rg2+ $19 52. Kh1 Kh4) 52. Rf5+ Kh4 53. Rxd5 Rxb3 {And now ...b4 would win.} 54. Rd8 $2 {[%mdl 8192]} (54. Re5 $11) 54... Kg3 $19 {[%cal Rb3b1]} 55. Rg8+ Kxf3 56. Kh2 Ke4 57. Rd8 b4 {[%cal Bb5b4,Bb4b3][%mdl 32]} 58. d5 Ke5 59. Rd7 Rc3 {Played: Rb3-d3} 0-1